| 000 | 00403cam a2200181 4500 | ||
|---|---|---|---|
| 001 | D5784 | ||
| 008 | 090401t1983 xxu||||| |||| 00| 0 eng d | ||
| 035 | _a(Sirsi) u69056 | ||
| 041 | _aeng | ||
| 050 | _a693.5 | ||
| 100 | _aHurst, M.P. | ||
| 245 | _aFormwork | ||
| 260 |
_aLondon _bConstruction Press _c1983 |
||
| 300 | _axi. 272p. ill. 23cm | ||
| 350 | _a19.5 | ||
| 942 | _n0 | ||
| 948 | _c04/03/1997 | ||
| 999 |
_c95151 _d95151 |
||